<?xml version="1.0" encoding="UTF-8"?>
<record
    xmlns:xsi="http://www.w3.org/2001/XMLSchema-instance"
    xsi:schemaLocation="http://www.loc.gov/MARC21/slim http://www.loc.gov/standards/marcxml/schema/MARC21slim.xsd"
    xmlns="http://www.loc.gov/MARC21/slim">

  <leader>01124nam a22002177a 4500</leader>
  <controlfield tag="003">OSt</controlfield>
  <controlfield tag="005">20151026133603.0</controlfield>
  <controlfield tag="008">130716s2012    sp ||||| |||| 00| 0 spa d</controlfield>
  <datafield tag="040" ind1=" " ind2=" ">
    <subfield code="c">CDMR</subfield>
  </datafield>
  <datafield tag="100" ind1="1" ind2=" ">
    <subfield code="9">3962</subfield>
    <subfield code="a">Men&#xE9;ndez Hevia, Tania</subfield>
  </datafield>
  <datafield tag="245" ind1="1" ind2="0">
    <subfield code="a">Efectos emocionales y cognitivos de la comunicaci&#xF3;n en terrorismo</subfield>
    <subfield code="b">: planteamiento de un modelo de procesamiento de la informaci&#xF3;n y desarrollo emp&#xED;rico</subfield>
    <subfield code="c">Tania Men&#xE9;ndez Hevia ; Ubaldo Cuesta Cambra (director)</subfield>
    <subfield code="h">[recurs electr&#xF2;nic]</subfield>
  </datafield>
  <datafield tag="260" ind1=" " ind2=" ">
    <subfield code="a">Madrid</subfield>
    <subfield code="c">2012</subfield>
  </datafield>
  <datafield tag="502" ind1=" " ind2=" ">
    <subfield code="a">Tesi defensada el 12 de juliol de 2012</subfield>
    <subfield code="c">Universidad Complutense de Madrid, Facultad de Ciencias de la Informaci&#xF3;n, Departamento de Comunicaci&#xF3;n Audiovisual y Publicidad II</subfield>
  </datafield>
  <datafield tag="650" ind1="0" ind2="4">
    <subfield code="9">1994</subfield>
    <subfield code="a">Terrorisme i mitjans de comunicaci&#xF3; de massa</subfield>
  </datafield>
  <datafield tag="650" ind1="0" ind2="4">
    <subfield code="9">3542</subfield>
    <subfield code="a">Mitjans de comunicaci&#xF3; de massa</subfield>
    <subfield code="x">Influ&#xE8;ncia</subfield>
  </datafield>
  <datafield tag="650" ind1="0" ind2="4">
    <subfield code="9">2994</subfield>
    <subfield code="a">Tesis i dissertacions acad&#xE8;miques</subfield>
  </datafield>
  <datafield tag="700" ind1="1" ind2=" ">
    <subfield code="9">3963</subfield>
    <subfield code="a">Cuesta Cambra, Ubaldo</subfield>
  </datafield>
  <datafield tag="710" ind1="2" ind2=" ">
    <subfield code="9">3910</subfield>
    <subfield code="a">Universidad Complutense de Madrid</subfield>
    <subfield code="b">-- Facultad de Ciencias de la Informaci&#xF3;n</subfield>
  </datafield>
  <datafield tag="856" ind1="4" ind2="0">
    <subfield code="u">http://eprints.ucm.es/17453/</subfield>
    <subfield code="y">Disponible en l&#xED;nia (UCM)</subfield>
  </datafield>
  <datafield tag="942" ind1=" " ind2=" ">
    <subfield code="2">udc</subfield>
    <subfield code="c">TSN-E</subfield>
  </datafield>
  <datafield tag="999" ind1=" " ind2=" ">
    <subfield code="c">6599</subfield>
    <subfield code="d">6599</subfield>
  </datafield>
  <datafield tag="952" ind1=" " ind2=" ">
    <subfield code="0">0</subfield>
    <subfield code="1">0</subfield>
    <subfield code="4">0</subfield>
    <subfield code="7">0</subfield>
    <subfield code="a">CDMR</subfield>
    <subfield code="b">CDMR</subfield>
    <subfield code="d">2013-07-16</subfield>
    <subfield code="l">0</subfield>
    <subfield code="p">CDMR13096916</subfield>
    <subfield code="r">2013-07-16</subfield>
    <subfield code="w">2013-07-16</subfield>
    <subfield code="y">TSN-E</subfield>
    <subfield code="z">Tesi dipositada a E-Prints Complutense</subfield>
  </datafield>
</record>
